| 000 | 00487nam a22001937a 4500 | ||
|---|---|---|---|
| 003 | MPLRDC | ||
| 005 | 20220104142533.0 | ||
| 008 | 210129b ||||| |||| 00| 0 eng d | ||
| 020 | _a978-986-7470-66-9 | ||
| 082 | _a244.93 ROH | ||
| 100 | _aRICHARD ROHR | ||
| 245 |
_a踏上生命的第二旅程 _c王淑玫 译 |
||
| 250 | _a初版 | ||
| 260 |
_a台湾 _b启示出版 _c2012 |
||
| 300 | _b268 | ||
| 490 | _aSOUL系列:031 | ||
| 650 | _a基督徒生活 | ||
| 942 |
_cBK _o244.93 ROH |
||
| 999 |
_c31686 _d31676 |
||